| 000 | 00582cam a2200205ua 4500 | ||
|---|---|---|---|
| 001 | 11713 | ||
| 005 | 20260515114805.0 | ||
| 008 | 191025n ii |||gr||||Z||||||eng | ||
| 020 | _a818575344X | ||
| 040 | _cMAIN | ||
| 041 | _aeng | ||
| 082 | _a820.954 | ||
| 100 |
_aM K Naik, _eAuthor. |
||
| 245 |
_aIndian english literature 1980-2000 : _bCritical survey / _cM K Naik and Shyamala A Narayan . |
||
| 260 |
_aDelhi: _bPencraft international, _c2018. |
||
| 300 | _a303p. | ||
| 653 | _aEnglish.& Old English literatures | ||
| 700 |
_aShyamala A Narayan, _eAuthor. |
||
| 942 | _cBK | ||
| 999 |
_c10506 _d10506 |
||